000 00645nam a2200241Ia 4500
003 OSt
005 20220926024849.0
006 a|||||r|||| 00| 0
007 ta
008 220923b |||||||| |||| 00| 0 eng d
037 _cGeneral Book
040 _aRTL
_cRTL
_beng
041 _2eng
_aeng
082 _aXoaZ, N/SC
100 _aDREZE Jean Ed.
_9143457
245 0 _aPolitical economy of hunger
260 _aOxford
_bClarendon Press
_c1990
300 _axx,400p.
_ccm.
490 _vVol. 2
700 _a SEN Amartya
942 _hXoaZ, N/SC
_cGB
_2CC
999 _c645756
_d645756